00664nam a2200205Ia 4500003000400000008004100004020002300045040000800068100001900076245007000095260002900165300001500194365001100209901002100220902003900241903005800280942001200338952009100350999001700441LDD181029s9999 xx 000 0 und d a8181285603c995.00 cLDD aChen, Shu-Heng 0aComputational intelligences in economics & financecShu-Heng Chen aNew YorkbSpringerc2006 axvii, 468p b995.00 a5466b14-12-2009 aINV-16782b24-12-2009cFdASIANe4 aDiscount-15bReqst by : Manohar Lal  2ddccBK 00102ddc4070988569aLDDbLDDl0o330.0112 C42Cp071904r2018-11-01w2018-11-01yBK c88570d88570